Computer Learning-8 (Record no. 5966)
[ view plain ]
| 000 -LEADER | |
|---|---|
| fixed length control field | 00223nam a22000857a 4500 |
| 008 - FIXED-LENGTH DATA ELEMENTS--GENERAL INFORMATION | |
| fixed length control field | 170203b xxu||||| |||| 00| 0 eng d |
| 100 ## - MAIN ENTRY--PERSONAL NAME | |
| 9 (RLIN) | 2774 |
| Personal name | Mehrotra.D.etal. |
| 245 ## - TITLE STATEMENT | |
| Title | Computer Learning-8 |
| 260 ## - PUBLICATION, DISTRIBUTION, ETC. (IMPRINT) | |
| Place of publication, distribution, etc. | New Delhi |
| Name of publisher, distributor, etc. | S. chand |
| Date of publication, distribution, etc. | 2010 |
| Withdrawn status | Lost status | Source of classification or shelving scheme | Damaged status | Koha normalized classification for sorting | Not for loan | Home library | Current library | Shelving location | Date acquired | Total Checkouts | Full call number | Barcode | Date last seen | Price effective from | Koha item type |
|---|---|---|---|---|---|---|---|---|---|---|---|---|---|---|---|
| Dewey Decimal Classification | 003_540000000000000 | Good Samaritan School Library | Good Samaritan School Library | Computer Science | 02/03/2017 | 003.54 | MEH8404 | 02/03/2017 | 02/03/2017 | BOOK |